Statistics for BDO Darts World Championship Winners

Click here to take the quiz!

General Stats

  • This quiz has been taken 954 times
  • The average score is 24 of 37

Answer Stats

YearAnswer% Correct
1990Phil Taylor
95%
1992Phil Taylor
95%
1980Eric Bristow
82%
1981Eric Bristow
82%
1984Eric Bristow
82%
1985Eric Bristow
82%
1986Eric Bristow
82%
1999Raymond van Barneveld
79%
2003Raymond van Barneveld
79%
1998Raymond van Barneveld
79%
2005Raymond van Barneveld
79%
2007Martin Adams
74%
2011Martin Adams
74%
2010Martin Adams
74%
1989Jocky Wilson
70%
1982Jocky Wilson
70%
1993John Lowe
70%
1979John Lowe
70%
1987John Lowe
70%
1994John Part
62%
1988Bob Anderson
60%
2009Ted Hankey
59%
2000Ted Hankey
59%
1991Dennis Priestley
58%
1983Keith Deller
58%
1978Leighton Rees
51%
2013Scott Waites
51%
2014Stephen Bunting
50%
2006Jelle Klaasen
49%
1995Richie Burnett
45%
1996Steve Beaton
44%
2004Andy Fordham
43%
2008Mark Webster
43%
2012Christian Kist
40%
2001John Walton
35%
1997Les Wallace
35%
2002Tony David
34%

Score Distribution

Percentile by Number Answered

Percent of People with Each Score

Your Score History

You have not taken this quiz